Gestures, their origins and distribution /

Bibliographic Details
Other Authors: Morris, Desmond
Format: Book
Language:English
Published: New York : Stein and Day, 1979.
Subjects:

MARC

Tag First Indicator Second Indicator Subfields
LEADER 00000pam a2200000 i 4500
001 in00000070873
005 20151008061938.0
008 790105s1979 nyua b 00100 eng
010 |a  78066248  
020 |a 0812826078 :  |c $12.95 
035 |a (OCoLC)04592797 
035 |9 AAJ9191AM 
040 |a DLC  |c DLC  |d m.c.  |d TXA  |d UtOrBLW 
049 |a TXAM  |c 1 [1241468], 2 [1501789] 
050 0 0 |a BF591  |b .G47 1979 
082 0 |a 152.3/84 
245 0 0 |a Gestures, their origins and distribution /  |c Desmond Morris [and others]. 
264 1 |a New York :  |b Stein and Day,  |c 1979. 
300 |a xxvi, 296 pages :  |b illustrations ;  |c 24 cm. 
336 |a text  |b txt  |2 rdacontent 
337 |a unmediated  |b n  |2 rdamedia 
338 |a volume  |b nc  |2 rdacarrier 
500 |a Includes index. 
504 |a Bibliography: pages [275]-292. 
650 0 |a Gesture. 
700 1 |a Morris, Desmond. 
999 |a MARS 
999 f f |s 524fc294-108e-38b3-86f0-917e031322ad  |i 11888e76-e079-3fa7-814d-e834f68a43e8  |t 0 
952 f f |p ric  |a Texas A&M University  |b Rellis Campus  |c Joint Library Facility  |d Remote Storage  |t 0  |e BF591 .G47 1979  |h Library of Congress classification  |i unmediated -- volume  |m A14801686000 
998 f f |a BF591 .G47 1979  |t 0  |l Remote Storage